000
00254nam a22001217a 4500
008
170529b xxu||||| |||| 00| 0 eng d
041
_a
eng
080
_a
621.36
100
_a
26
101
_a
IM
245
_a
SOLAR ENERGY
_c
BEHRMAN, D
942
_2
udc
_c
BK
999
_c
14877
_d
14877